000 01712nam a2200385 a 4500
999 _c151748
_d151748
003 BLK
005 20250710111357.0
008 180410b bul|||||r ||||||| ||bul||
020 _a9789544318345
040 _aBLK
041 _aBUL
_cBUL
072 7 _2bullib
_aН85
_xДетска художествена литература Н
080 _aСръбска литература
_b821.163.41
_x-93-34
_z821.163.41-93-34
100 1 _aМалетич, Гордана
_eпърви автор
_991606
139 _aМалетич, Гордана
_bМ 21
245 1 0 _aСемейство Зайкови
_cГордана Малетич ; прев. Галина Златина ; ил. Ана Григориев.
257 _aSER
260 _aСофия
_bЗлатното пате
_c2012
_fСофия : Образование и наука
300 _a18 с.
_bс цв. ил.
_c23 см
380 _aDX
490 _aМоите мили съседи
_v1
_9207640
500 _aБез сведение за ориг. загл. - Кор. опис. - Галина Златина - псевд. на Галина Йорданова Златарева.
653 _aприказки
653 _aлитература за деца
653 _aдетска литература
700 _aЗлатарева, Галина Йорданова
_d1954
_9363759
700 1 _aГригориев, Ана
_eил.
_qСръбска художничка
_9331546
852 _aЦб 263851
_bЦб
852 _bД
_cДХ 821-93/М 21
942 _cKNG
_n0
_0119
_s1
944 _aCR
_c19.03.2014
_lБояна Костадинова
_k30551
944 _aED
_c2022-08-15
_kКети
999 _d151748
999 _d151748